| 000 | 00710nam a22002057a 4500 | ||
|---|---|---|---|
| 005 | 20251108173610.0 | ||
| 008 | 250721s1998 xx 000 0 ara d | ||
| 082 | 1 | 4 | _aط/923.2/بدر |
| 100 | 1 |
_aبدران، جمال _eمؤلف |
|
| 245 | 1 | 0 | _aستالين : الحديدي المتخابث / |
| 264 | 1 |
_aالقاهرة : _bمكتبة الدار العربية، _c1998. |
|
| 300 | _a75ص | ||
| 490 | 0 |
_aسلسلة الطغاة و الجبابرة للشباب و الناشئين _v5 |
|
| 650 | 1 | 7 | _aالتراجم |
| 650 | 1 | 7 | _aالعلوم السياسية |
| 653 | _aناشئون كبار (15 - 18 ) سنة | ||
| 700 | 1 |
_aحمدان، وائل _eرسام |
|
| 942 |
_2ddc _cBK |
||
| 999 |
_c107805 _d107805 |
||